Outdated Popular Names from the 1900s - Statistics

General Stats
  • This quiz has been taken 919 times
  • The average score is 7 of 20
Answer Stats
Hint Answer % Correct
Wife of Disney's mascot Minnie
86%
Member of English nobility, a famous breakfast tea is named after one Earl
70%
French for white Blanche
68%
U.S. president at the start of the Great Depression Herbert
61%
Member of the titular duo in a 1991 film played by Geena Davis Thelma
58%
German weapon, fish in Mario Cart, and stereotypical name for large woman Bertha
49%
Popular brand of glue and other adhesives Elmer
46%
Last name of author of "Paradise Lost" Milton
40%
Popular name for a cow Bessie
39%
Government-made mortgage investor that was bailed out in 2008 Fannie
34%
Last name of "Back to the Future" star Lloyd
32%
George Bailey's guardian angel Clarence
25%
Widow of RFK Ethel
21%
Host of NBC Nightly News since 2015 Lester
15%
Birth name of Mother Theresa Agnes
11%
French man who is the world's richest man as of 2023 Bernard
11%
Empress of Soul who won four grammy's Gladys
9%
Novelist and author of "The Making of Americans" Gertrude
7%
Youngest child of Martin Luther King Jr Bernice
5%
Jazz singer known as the "Queen of Swing" Mildred
4%
No matching quizzes found
Score Distribution
Percent of People with Each Score
Percentile by Number Answered
Your Score History
You have not taken this quiz